Automatizovaný nástroj interpretácie štrukturálnych zmien štruktúry DNA na podporu klinického rozhodovania

Salvato in:
Dettagli Bibliografici
Autore principale: Bartoš, Ján (Autore)
Altri autori: Jarábek, Tomáš (Relatore della tesi)
Natura: Manoscritto Libro
Lingua:slovacco
Pubblicazione: 2021
Soggetti:
Accesso online:http://is.stuba.sk/zp/portal_zp.pl?podrobnosti=148325
Tags: Aggiungi Tag
Nessun Tag, puoi essere il primo ad aggiungerne!!

MARC

LEADER 00000ntm a22000003a 4500
001 stuzp85435
003 SK-STU
005 20210626212203.9
007 ta
008 150427s2015----xo-----f-mn---000-0-slo-d
040 |a STU  |b slo 
041 0 |a slo 
100 1 |a Bartoš, Ján  |u 070200  |4 aut  |U FIIT Fakulta informatiky a informačných technológií  |T FIIT Ústav informatiky, informačných systémov a softvérového inžinierstva  |X 96823  |U I200  |Y 179  |7 96823 
242 0 1 |a Automated tool for interpretation of structural variants of the DNA structure as a support for clinical decision making  |y eng 
245 1 0 |a Automatizovaný nástroj interpretácie štrukturálnych zmien štruktúry DNA na podporu klinického rozhodovania 
260 |c 2021 
650 4 |a bioinformatika  |2 slo 
650 4 |a umelá inteligencia  |2 slo 
650 4 |a štrukturálne varianty DNA  |2 slo 
650 4 |a copy-number variation  |2 eng 
650 4 |a bioinformatics  |2 eng 
650 4 |a artificial intelligence  |2 eng 
700 1 |a Jarábek, Tomáš  |u 070000  |k Z3  |4 ths  |T FIIT Fakulta informatiky a informačných technológií  |X 88200  |U I  |Y 70  |7 88200 
856 4 |u http://is.stuba.sk/zp/portal_zp.pl?podrobnosti=148325